Geometrie pro studenty učitelství pro nižší stupeň základní školy

Hlavní autor: Kučerová, Jitka, 1924-
Jazyk: Čeština
Vydáno: Praha, 1977
Knihy
Uloženo v:
LEADER 00530nam a22001692a 4500
001 000125645
003 CZ BrMZK
005 20020916115848.0
007 ta
008 010907s1977 xr f cze d
040 |a BOA001  |b cze 
100 1 |a Kučerová, Jitka,  |d 1924-  |7 jk01070608 
245 1 0 |a Geometrie pro studenty učitelství pro nižší stupeň základní školy 
260 |a Praha,  |c 1977 
910 |a BOA001  |b 4-0773.528 
990 |a BK 
996 7 |b 2619971861  |c 4-0773.528  |l MZK  |r Sklad / do 1 hodiny  |n 3  |w 000125645  |u 000010  |a 1  |e BOA001  |j MZK50  |s A